000 00952nam a2200289 i 4500
003 DO-SdBNP
005 20260525120251.0
007 ta
008 260525b2025 dr ||||| |||| 00| 0 spa d
020 _a9789945656985
040 _aDO-SdBNP
_bspa
_cBNPHU
_erda
041 _aspa
082 4 _axxx
_bxxx
_222
100 1 _aSantillán, Pascual
_d1961-
_eautor
_4aut.
_989723
245 1 0 _aEnfoques en el ejercicio periodístico /
_cPascual Santillán ; prólogo, Miguel Ángel Fornerín
250 _aprimera edición
264 1 _aSanto Domingo :
_bEditorial Santuario,
_c2025.
300 _a137 páginas ;
_c23 cm.
336 _atexto
_btxt
_2rdacontent
337 _asin mediación
_bn
_2rdamedia
338 _avolumen
_bnc
_2rdacarrier
500 _aIncluye datos biográficos del autor en las solapas
590 _aInventariado, 2026/BT
700 _aFornerín, Miguel Ángel,
_eprologuista
_4pr.
_987575
910 _aBtavárez
942 _2ddc
_cLBS1
999 _c60817
_d60817